Italien I: Oberitalien und Florenz Pisa, Ancona, Triest, Pola. (Record no. 5577)

MARC details
000 -CABECERA
campo de control de longitud fija 00679nam a2200229 a 4500
001 - NÚMERO DE CONTROL
campo de control BRCA_5888
005 - FECHA Y HORA DE LA ÚLTIMA TRANSACCIÓN
campo de control 20190320205243.0
008 - DATOS DE LONGITUD FIJA--INFORMACIÓN GENERAL
campo de control de longitud fija 170311t1924----gw-b######---#000-0#ger-#
041 ## - CÓDIGO DE LENGUA
Código de lengua del texto/banda sonora o título independiente ger
044 ## - CÓDIGO DEL PAÍS DE LA ENTIDAD EDITORA/PRODUCTORA
Código MARC del país gw
050 #4 - SIGNATURA TOPOGRÁFICA DE LA BIBLIOTECA DEL CONGRESO
Número de clasificación DG429
Número de documento/Ítem .I817
-- 1924
245 10 - MENCIÓN DE TÍTULO
Título Italien I: Oberitalien und Florenz Pisa, Ancona, Triest, Pola.
250 ## - MENCIÓN DE EDICIÓN
Mención de edición 7a. ed.
260 ## - PUBLICACIÓN, DISTRIBUCIÓN, ETC.
Lugar de publicación, distribución, etc. Berlin
Nombre del editor, distribuidor, etc. G. Reisefuhrern.
Fecha de publicación, distribución, etc. 1924-1925
300 ## - DESCRIPCIÓN FÍSICA
Extensión 315 p.
Otras características físicas il., maps.
Dimensiones 16 cm.
440 #0 - MENCIÓN DE SERIE/PUNTO DE ACCESO ADICIONAL--TÍTULO
Título Griebens Reisefuhrer.
Designación de volumen o secuencia 80a.
9 (RLIN) 14890
500 ## - NOTA GENERAL
Nota general Inicio de la publicación: 1924;índice alfabético; mapa de Italia.
500 ## - NOTA GENERAL
Nota general H129
651 #4 - PUNTO DE ACCESO ADICIONAL DE MATERIA--NOMBRE GEOGRÁFICO
Nombre geográfico Italia
Subdivisión general Guía de viajeros.
9 (RLIN) 14891
902 ## - CATALOGADOR
Iniciales GFM
942 ## - ELEMENTOS DE PUNTO DE ACCESO ADICIONAL (KOHA)
Fuente del sistema de clasificación o colocación Library of Congress Classification
Tipo de ítem Koha Libros
Holdings
Estado de retiro Estado de pérdida Estado dañado No para préstamo Localización permanente Ubicación/localización actual Fecha de adquisición Número de inventario Total de préstamos Signatura topográfica completa Código de barras Fecha visto por última vez Precio válido a partir de Tipo de ítem Koha
El ejemplar forma parte de la colección y puede ser consultado según las políticas vigentes.       Biblioteca del Museo Franz Mayer (Rogerio Casas-Alatriste) Biblioteca del Museo Franz Mayer (Rogerio Casas-Alatriste) 17/03/2011 H129   DG429 .I817 1924 (H129) 6327 22/03/2019 22/03/2019 Libros